| 000 | 00932cab a2200301 4500 | ||
|---|---|---|---|
| 001 | ABS51804 | ||
| 008 | 090401t1994 xxu||||| |||| 00| 0 eng d | ||
| 035 | _a(Sirsi) u44630 | ||
| 041 | _aeng | ||
| 100 | _aHolroyd, J. | ||
| 245 | 2 | _aA helping hand for car boot sales | |
| 260 | _c1994 | ||
| 350 | _a0 | ||
| 490 |
_aNew Law Journal _v144(6670) 4 November 1994, 1510-1511(2) |
||
| 520 | _aLooks at how the Deregulation and Contracting Out Bill affects the law of market. | ||
| 650 | _aCAR BOOT SALES | ||
| 650 | _aDEREGULATION AND CONTRACTING OUT BILL | ||
| 650 | _aDISTURBANCE OF MARKET | ||
| 650 | _aLAW OF MARKET | ||
| 650 | _aLOCAL GOVERNMENT (MISCELLANEOUS PROVISIONS) ACT 1982 S37 | ||
| 650 | _aMARKETS AND FAIRS CLAUSES ACT 1847 | ||
| 650 | _aMARKETS | ||
| 650 | _aRED TAPE | ||
| 650 | _aSTOKE-ON-TRENT CC V W & J WASS LTD | ||
| 690 | _aPLANNING LAW AND PRACTICE | ||
| 942 | _n0 | ||
| 948 | _c04/03/1997 | ||
| 999 |
_c28357 _d28357 |
||